| 000 | 00946nam a2200337Ia 4500 | ||
|---|---|---|---|
| 001 | Z_3977 | ||
| 003 | CHAP | ||
| 008 | 220113s1988 xx 000 0 und d | ||
| 010 | _a167038 | ||
| 020 | _a0-07-053707-0 | ||
| 040 | _cCHAP | ||
| 082 | _a540 R67 | ||
| 100 |
_aRosenberg, Jerome L. _9100114 |
||
| 245 |
_aQuímica general / _cJerome L. Rosenberg y Lawrence M. Epstein; traducción Alicia Larena |
||
| 250 | _a7a ed. | ||
| 260 |
_aMc Graw-Hill _c1988 |
||
| 300 | _a422 p. | ||
| 440 |
_aSchaum _9102914 |
||
| 500 | _aTrad. De : 7a. Ed. En inglés de 1988. | ||
| 503 | _aej.1: C/E \ ej.2: C/E | ||
| 505 | _aTraducción de la obra en inglés: Schaum´s outline of college chemistry 7th ed. | ||
| 650 |
_aQuímica _993552 |
||
| 700 |
_a Larena, Alicia, tr. _9141214 |
||
| 700 |
_aEpstein, Lawrence M., coaut. _9141215 |
||
| 901 | _a540 R67 | ||
| 902 | _aM | ||
| 910 | _a1988 | ||
| 942 | _c1 | ||
| 942 | _cc1 | ||
| 999 |
_c167038 _d167038 |
||